书目信息 |
| 题名: |
吉本芭娜娜的文学世界
|
|
| 作者: | 周阅 著 | |
| 分册: | ||
| 出版信息: | 银川 宁夏人民出版社 2005 |
|
| 页数: | 293页 | |
| 开本: | 21cm | |
| 丛书名: | 人文日本新书 | |
| 单 册: | ||
| 中图分类: | I313.065 | |
| 科图分类: | ||
| 主题词: | 作家评论--日本--现代 | |
| 电子资源: | ||
| ISBN: | 7-227-02835-6 | |
| 000 | 00748oam2 2200229 450 | |
| 005 | 20070608164008.12 | |
| 010 | @a7-227-02835-6@dCNY38.80 | |
| 100 | @a20060606d2005 ekmy0chiy0110 ea | |
| 101 | 0 | @achi |
| 102 | @aCN@b640000 | |
| 105 | @aa z 000yy | |
| 200 | 1 | @a吉本芭娜娜的文学世界@Aji ben ba na na de wen xue shi jie@f周阅著 |
| 210 | @a银川@c宁夏人民出版社@d2005 | |
| 215 | @a293页@c图, 照片@d21cm | |
| 225 | 2 | @a人文日本新书 |
| 330 | @a本书包括:吉本芭娜娜的人生与创作、成长的故事、感伤的回忆、失忆与恢复《哀伤的预感》等9部分内容。 | |
| 461 | 0 | @12001 @a人文日本新书 |
| 606 | 0 | @a作家评论@y日本@z现代 |
| 690 | @aI313.065@v4 | |
| 701 | 0 | @a周阅@Azhou yue@4著 |
| 801 | 0 | @aCN@bTAOJIN@c20070608 |
| 905 | @a10447@dI313.065@e248 | |
| 吉本芭娜娜的文学世界/周阅著 .-银川:宁夏人民出版社,2005 |
| 293页:图, 照片;21cm .-(人文日本新书 ) |
| ISBN 7-227-02835-6:CNY38.80 |
| 本书包括:吉本芭娜娜的人生与创作、成长的故事、感伤的回忆、失忆与恢复《哀伤的预感》等9部分内容。 |
| ● |
| 相关链接 |
|
|
|
|
正题名:吉本芭娜娜的文学世界
索取号:I313.065/248
 
预约/预借
| 序号 | 登录号 | 条形码 | 馆藏地/架位号 | 状态 | 备注 |
| 1 | 0527125 | 205271258 | 第一样本阅览室/ [索取号:I313.065/248] | 在馆 | |
| 2 | 0527126 | 205271267 | 第二借阅区/ [索取号:I313.065/248] | 在馆 | |
| 3 | 0527127 | 205271276 | 第二借阅区/ [索取号:I313.065/248] | 在馆 | |
| 4 | 0527128 | 205271285 | 第二借阅区/ [索取号:I313.065/248] | 在馆 |